La nueva imagen del hombre común

Saved in:
Bibliographic Details
Main Author: Friedrich, Carl Joachim (Author)
Format: Book
Language:Spanish
Published: Buenos Aires Agora 1957
Series:Hombres y Problemas, 4
Subjects:
Tags: Add Tag
No Tags, Be the first to tag this record!

MARC

LEADER 00000nam a2200000 a 4500
001 UCT6838
003 CL-VaPUC
008 970113e19570000AG |||||||||||||||||spa|d
082 0 4 |a 301  |b FRI  |2 21 
100 0 |a Friedrich, Carl Joachim  |e author  |9 377104 
245 1 3 |a La nueva imagen del hombre común 
300 |a 254 p 
942 |c BK 
945 |d 19970113 00:00:00  |a paguirre 
260 |a Buenos Aires  |b Agora  |c 1957 
650 0 |a Antropología   |9 233030 
650 0 |a Ciencias sociales   |9 256351 
650 0 |a Sociología   |9 255410 
650 7 |a HOMBRE  |2 CL-VaPUC  |9 262149 
650 7 |a GENTE  |2 CL-VaPUC  |9 336215 
583 |a last modification  |c 19970113 00:00:00  |k Rodrigo Vera 
490 0 |a Hombres y Problemas, 4 
999 |c 255508  |d 255506 
952 |0 0  |1 0  |4 0  |6 301_000000000000000_FRI_1957  |7 0  |8 A  |9 277763  |a BIBDER  |b BIBDER  |d 2019-11-19  |i 1803212  |o 301 FRI 1957  |p 1803212  |r 2023-01-25  |w 2019-11-19  |y BK  |k DER